000 00354nam a2200157Ia 4500
008 191201s2019 xx 000 0 und d
020 _a9788131510995
082 _a006.33 KAA
100 _aKaushik,Saroj
245 0 _aArtificial Intelligence
250 _a1st Ed.
260 _bCengage
300 _a645p
650 _aB.Tech(CSE)
942 _2ddc
_cBK
999 _c6859
_d6859